000 00402nam a22001697a 4500
005 20160618151855.0
008 160618b xxu||||| |||| 00| 0 eng d
020 _a0-07-462398-2
041 _aeng
082 _b8192
100 _aSengupta, B and Guha, H
_92147
245 _aConstruction Management and Planning
260 _bTMH
_c2003
300 _a463
650 _aManagement
_9241
942 _cBK
999 _c3146
_d3145